[Event "Prague Open 2022 - A IM Open"]
[Site "Olympik hotel, Prague"]
[Date "2022.01.11"]
[Round "6"]
[Board "20"]
[White "Yakimenko, Alexander A."]
[Black "Novotny, Michal"]
[Result "1-0"]
[WhiteElo "2055"]
[BlackElo "2243"]
[PlyCount "0"]
[EventDate "2022.01.07"]
[EventRounds "9"]
[EventCountry "CZE"]

1. e4 {[%clk 1:30:57]} e6 {[%clk 1:23:23]} 2. d4 {[%clk 1:31:04]} d5
{[%clk 1:23:50]} 3. Nc3 {[%clk 1:31:24]} Bb4 {[%clk 1:24:17]} 4. e5
{[%clk 1:31:40]} c5 {[%clk 1:24:32]} 5. a3 {[%clk 1:32:01]} Bxc3+
{[%clk 1:22:43]} 6. bxc3 {[%clk 1:32:28]} Ne7 {[%clk 1:23:08]} 7. Nf3
{[%clk 1:31:18]} b6 {[%clk 1:23:31]} 8. Bb5+ {[%clk 1:30:14]} Bd7
{[%clk 1:23:59]} 9. a4 {[%clk 1:29:14]} Bxb5 {[%clk 1:24:27]} 10. axb5
{[%clk 1:29:36]} Qd7 {[%clk 1:24:38]} 11. Qe2 {[%clk 1:28:52]} c4
{[%clk 1:25:07]} 12. Ba3 {[%clk 1:27:24]} h6 {[%clk 1:16:31]} 13. O-O
{[%clk 1:23:56]} Qxb5 {[%clk 1:15:06]} 14. Bxe7 {[%clk 1:22:13]} Kxe7
{[%clk 1:14:52]} 15. Nh4 {[%clk 1:22:17]} g5 {[%clk 1:14:11]} 16. f4
{[%clk 1:06:53]} gxh4 {[%clk 1:13:18]} 17. f5 {[%clk 1:07:16]} Nd7
{[%clk 0:59:28]} 18. Qh5 {[%clk 1:05:11]} Qc6 {[%clk 0:57:53]} 19. Qxh4+
{[%clk 0:56:46]} Ke8 {[%clk 0:57:01]} 20. Qh5 {[%clk 0:51:17]} Rh7
{[%clk 0:56:26]} 21. f6 {[%clk 0:23:37]} Kd8 {[%clk 0:51:34]} 22. Rf3
{[%clk 0:23:51]} Kc7 {[%clk 0:51:53]} 23. Rg3 {[%clk 0:24:03]} Nf8
{[%clk 0:50:38]} 24. Rg7 {[%clk 0:24:09]} Qe8 {[%clk 0:50:59]} 25. Rg8
{[%clk 0:19:13]} a5 {[%clk 0:50:56]} 26. Qd1 {[%clk 0:18:14]} Qc6
{[%clk 0:51:04]} 27. Qc1 {[%clk 0:17:03]} Ng6 {[%clk 0:51:13]} 28. Rg7
{[%clk 0:16:48]} Rah8 {[%clk 0:50:11]} 29. g3 {[%clk 0:14:45]} Qe8
{[%clk 0:48:03]} 30. Rb1 {[%clk 0:14:06]} h5 {[%clk 0:47:00]} 31. h4
{[%clk 0:13:03]} Rxg7 {[%clk 0:47:21]} 32. fxg7 {[%clk 0:13:26]} Rg8
{[%clk 0:47:46]} 33. Qh6 {[%clk 0:10:06]} Ne7 {[%clk 0:47:54]} 34. g4
{[%clk 0:07:34]} hxg4 {[%clk 0:48:09]} 35. Rf1 {[%clk 0:07:28]} Kb7
{[%clk 0:47:44]} 36. h5 {[%clk 0:06:08]} Nf5 {[%clk 0:42:04]} 37. Rxf5
{[%clk 0:06:22]} exf5 {[%clk 0:42:33]} 38. Qf6 {[%clk 0:06:35]} a4
{[%clk 0:40:51]} 39. h6 {[%clk 0:06:58]} a3 {[%clk 0:41:07]} 40. Qd6
{[%clk 0:05:48]} a2 {[%clk 0:38:47]} 41. Qa3 {[%clk 0:04:24]} f6 42. Qxa2 fxe5
{[%clk 0:20:14]} 43. Qa3 {[%clk 0:02:29]} exd4 {[%clk 0:20:34]} 44. Qd6
{[%clk 0:25:04]} Qe3+ {[%clk 0:37:40]} 45. Kg2 {[%clk 0:19:05]} Qf3+
{[%clk 0:27:00]} 46. Kg1 {[%clk 0:18:11]} Qd1+ {[%clk 0:26:22]} 47. Kg2
{[%clk 0:18:33]} Qxc2+ {[%clk 0:26:49]} 48. Kg3 {[%clk 0:13:16]} Qxc3+
{[%clk 0:27:08]} 49. Kh4 {[%clk 0:13:36]} Ka6 {[%clk 0:26:39]} 50. Qxd5
{[%clk 0:11:40]} Qc1 {[%clk 0:05:16]} 51. Kh5 {[%clk 0:06:47]} g3
{[%clk 0:02:07]} 52. Qxg8 Qh1+ 53. Kg5 Qc6 54. Qf8 g2 55. Qa3+ Kb7 56. Qc1 Qf3
57. h7 Qg3+ 58. Kf6 Qh4+ 59. Kg6 Qg4+ 60. Kf6 Qh4+ 61. Kg6 Qg4+ 62. Kf7 g1=Q 63.
Qxg1 Qxg1 64. g8=Q Qxg8+ 65. hxg8=Q Kc6 66. Kf6 Kc5 67. Ke5 d3 68. Qf8+  1-0

[Event "Prague Open 2022 - A IM Open"]
[Site "Olympik hotel, Prague"]
[Date "2022.01.11"]
[Round "6"]
[Board "21"]
[White "Babula, Vlastimil"]
[Black "Lacrosse, Marc"]
[Result "1-0"]
[WhiteElo "2227"]
[BlackElo "2072"]
[PlyCount "0"]
[EventDate "2022.01.07"]
[EventRounds "9"]
[EventCountry "CZE"]

1. e4 {[%clk 1:30:58]} e5 {[%clk 1:29:31]} 2. Nf3 {[%clk 1:31:22]} Nc6
{[%clk 1:29:43]} 3. d4 {[%clk 1:31:22]} exd4 {[%clk 1:29:22]} 4. Nxd4
{[%clk 1:31:46]} Bc5 {[%clk 1:28:38]} 5. Nb3 {[%clk 1:30:59]} Bb6
{[%clk 1:27:55]} 6. Nc3 {[%clk 1:31:14]} Nf6 {[%clk 1:26:58]} 7. Bg5
{[%clk 1:31:36]} h6 {[%clk 1:25:55]} 8. Bh4 {[%clk 1:32:00]} O-O {[%clk 1:23:01]}
9. Bd3 {[%clk 1:29:15]} Re8 {[%clk 1:15:59]} 10. O-O {[%clk 1:29:12]} g5
{[%clk 0:55:47]} 11. Bg3 {[%clk 1:29:23]} d6 {[%clk 0:55:09]} 12. Kh1
{[%clk 1:25:31]} Bg4 {[%clk 0:51:51]} 13. f3 {[%clk 1:22:02]} Bh5
{[%clk 0:48:12]} 14. Na4 {[%clk 1:05:49]} Bg6 {[%clk 0:44:50]} 15. Nxb6
{[%clk 1:05:37]} axb6 {[%clk 0:45:10]} 16. c4 {[%clk 0:56:28]} Qe7
{[%clk 0:36:16]} 17. Re1 {[%clk 0:53:56]} Nh5 {[%clk 0:34:23]} 18. Bf2
{[%clk 0:53:35]} Qf6 {[%clk 0:29:52]} 19. Qd2 {[%clk 0:51:32]} Re7
{[%clk 0:24:57]} 20. Bf1 {[%clk 0:50:39]} Rae8 {[%clk 0:23:08]} 21. Nd4
{[%clk 0:43:45]} Ne5 {[%clk 0:16:57]} 22. Be3 {[%clk 0:39:40]} Bh7
{[%clk 0:08:49]} 23. Nb5 {[%clk 0:37:53]} g4 {[%clk 0:03:23]} 24. Bxh6
{[%clk 0:35:37]} gxf3 {[%clk 0:02:44]} 25. Bg5 {[%clk 0:35:29]} Qg6
{[%clk 0:02:16]} 26. Bxe7 {[%clk 0:35:19]} Rxe7 {[%clk 0:02:43]} 27. Nd4
{[%clk 0:34:27]} fxg2+ {[%clk 0:02:08]} 28. Bxg2 {[%clk 0:33:16]} Nxc4
{[%clk 0:01:41]} 29. Qc2 {[%clk 0:33:04]} Nf4 {[%clk 0:00:50]} 30. Nf5
{[%clk 0:32:46]} Re5 {[%clk 0:00:39]} 31. Rg1  1-0

[Event "Prague Open 2022 - A IM Open"]
[Site "Olympik hotel, Prague"]
[Date "2022.01.11"]
[Round "6"]
[Board "22"]
[White "Dahl, Max"]
[Black "Bochnicka, Vladimir"]
[Result "0-1"]
[WhiteElo "2024"]
[BlackElo "2222"]
[PlyCount "0"]
[EventDate "2022.01.07"]
[EventRounds "9"]
[EventCountry "CZE"]

1. d4 {[%clk 1:29:09]} f5 {[%clk 1:30:57]} 2. Bg5 {[%clk 1:28:46]} Nf6
{[%clk 1:29:49]} 3. Bxf6 {[%clk 1:28:35]} exf6 {[%clk 1:30:10]} 4. e3
{[%clk 1:28:25]} d5 {[%clk 1:29:27]} 5. c4 {[%clk 1:27:57]} c6 {[%clk 1:24:20]}
6. Nc3 {[%clk 1:25:55]} Be6 {[%clk 1:24:24]} 7. Qb3 {[%clk 1:18:29]} Qd7
{[%clk 1:15:33]} 8. cxd5 {[%clk 1:10:33]} cxd5 {[%clk 1:06:06]} 9. Nge2
{[%clk 1:07:17]} Bd6 {[%clk 1:00:56]} 10. g3 {[%clk 0:53:14]} Nc6
{[%clk 0:56:30]} 11. Bg2 {[%clk 0:51:49]} Na5 {[%clk 0:54:39]} 12. Qb5
{[%clk 0:48:45]} Qxb5 {[%clk 0:47:20]} 13. Nxb5 {[%clk 0:48:54]} Bb4+
{[%clk 0:47:41]} 14. Nec3 {[%clk 0:40:18]} Kd7 {[%clk 0:41:30]} 15. a3
{[%clk 0:26:47]} Nb3 {[%clk 0:35:51]} 16. Rb1 {[%clk 0:08:56]} Bxc3+
{[%clk 0:25:18]} 17. Nxc3 {[%clk 0:08:59]} Kd6 {[%clk 0:25:36]} 18. Kd1
{[%clk 0:08:38]} a6 {[%clk 0:21:18]} 19. Kc2 {[%clk 0:07:51]} Na5
{[%clk 0:21:38]} 20. b3 {[%clk 0:06:58]} Nc6 {[%clk 0:20:40]} 21. Na4
{[%clk 0:05:32]} f4 {[%clk 0:19:11]} 22. Kb2 {[%clk 0:05:11]} fxe3
{[%clk 0:19:05]} 23. fxe3 {[%clk 0:05:33]} Bf5 {[%clk 0:17:34]} 24. Rbf1
{[%clk 0:00:51]} Bg6 {[%clk 0:13:38]} 25. Nb6 {[%clk 0:00:35]} Rae8
{[%clk 0:13:36]} 26. Nxd5 {[%clk 0:00:32]} Bf7 {[%clk 0:11:40]} 27. Nc3
{[%clk 0:00:32]} Rxe3 {[%clk 0:11:41]} 28. Re1 {[%clk 0:00:32]} Rhe8
{[%clk 0:06:46]} 29. Rxe3 {[%clk 0:00:36]} Rxe3 {[%clk 0:07:10]} 30. Rd1
{[%clk 0:00:32]} f5 {[%clk 0:02:55]} 31. Rd2 {[%clk 0:00:34]} b5 {[%clk 0:01:59]}
32. Bxc6 {[%clk 0:00:32]} Kxc6 {[%clk 0:02:21]} 33. Re2 {[%clk 0:00:34]} Rxe2+
{[%clk 0:02:23]} 34. Nxe2 {[%clk 0:01:02]} Kd5 {[%clk 0:02:46]} 35. Kc3
{[%clk 0:01:02]} Ke4 {[%clk 0:02:40]} 36. Nf4 {[%clk 0:00:33]} g5
{[%clk 0:02:09]} 37. Nd3 {[%clk 0:00:42]} Ke3 {[%clk 0:01:30]} 38. Ne5
{[%clk 0:00:33]} Bd5 {[%clk 0:01:41]} 39. Nd7 {[%clk 0:00:33]} f4
{[%clk 0:01:25]} 40. Nf6 {[%clk 0:00:32]} f3 {[%clk 0:00:50]} 41. Nxd5+
{[%clk 0:28:49]} Ke2 {[%clk 0:29:57]} 42. Kc2 {[%clk 0:20:39]} f2
{[%clk 0:30:05]} 43. Nc3+ {[%clk 0:21:04]} Ke1 {[%clk 0:30:23]}  0-1

[Event "Prague Open 2022 - A IM Open"]
[Site "Olympik hotel, Prague"]
[Date "2022.01.11"]
[Round "6"]
[Board "23"]
[White "Stanojevic, Ilija"]
[Black "Walter, Ema"]
[Result "1/2-1/2"]
[WhiteElo "2184"]
[BlackElo "2000"]
[PlyCount "0"]
[EventDate "2022.01.07"]
[EventRounds "9"]
[EventCountry "CZE"]

1. c4 {[%clk 1:30:37]} e5 {[%clk 1:30:05]} 2. Nc3 {[%clk 1:30:34]} Bb4
{[%clk 1:30:01]} 3. g3 {[%clk 1:30:15]} Bxc3 {[%clk 1:30:19]} 4. dxc3
{[%clk 1:29:54]} d6 {[%clk 1:29:30]} 5. Bg2 {[%clk 1:30:19]} Nc6 {[%clk 1:29:35]}
6. e4 {[%clk 1:19:43]} Nge7 {[%clk 1:26:13]} 7. Nf3 {[%clk 1:18:42]} Be6
{[%clk 1:21:12]} 8. Qe2 {[%clk 1:15:14]} f6 {[%clk 1:18:20]} 9. Be3
{[%clk 1:07:39]} Qd7 {[%clk 1:12:07]} 10. h3 {[%clk 0:53:27]} Ng6
{[%clk 0:59:48]} 11. b3 {[%clk 0:48:13]} Qf7 {[%clk 0:51:46]} 12. h4
{[%clk 0:45:54]} a5 {[%clk 0:38:30]} 13. a4 {[%clk 0:29:16]} Nf8 {[%clk 0:35:22]}
14. h5 {[%clk 0:27:12]} Bg4 {[%clk 0:28:35]} 15. Ng5 {[%clk 0:20:11]} Qd7
{[%clk 0:25:11]} 16. Bf3 {[%clk 0:20:27]} Bxf3 {[%clk 0:23:49]} 17. Nxf3
{[%clk 0:20:51]} Ne6 {[%clk 0:20:30]} 18. Nh4 {[%clk 0:20:01]} Ne7
{[%clk 0:17:13]} 19. Qg4 {[%clk 0:17:20]} Ng5 {[%clk 0:13:48]} 20. Qxd7+
{[%clk 0:15:08]} Kxd7 {[%clk 0:14:14]} 21. Bxg5 {[%clk 0:14:14]} fxg5
{[%clk 0:14:37]} 22. Ng2 {[%clk 0:13:51]} h6 {[%clk 0:13:02]} 23. Ne3
{[%clk 0:14:04]} Rhf8 {[%clk 0:11:24]} 24. Ke2 {[%clk 0:14:23]} Rf7
{[%clk 0:09:42]} 25. Rad1 {[%clk 0:12:02]} Raf8 {[%clk 0:08:43]} 26. Rhf1
{[%clk 0:11:39]} Kc8 {[%clk 0:07:39]} 27. f3 {[%clk 0:10:08]} b6 {[%clk 0:06:56]}
28. b4 {[%clk 0:07:27]} axb4 {[%clk 0:06:34]} 29. cxb4 {[%clk 0:07:56]} Nc6
{[%clk 0:06:55]} 30. Nc2 {[%clk 0:04:26]} Rd7 {[%clk 0:05:00]} 31. Ra1
{[%clk 0:01:54]} Kb7 {[%clk 0:02:47]} 32. Rfb1 {[%clk 0:01:59]} Rdf7
{[%clk 0:02:10]} 33. Ra3 {[%clk 0:01:17]} g4 {[%clk 0:02:08]} 34. Rbb3
{[%clk 0:01:35]} Rf6 {[%clk 0:01:24]} 35. Rd3 {[%clk 0:00:52]} R6f7
{[%clk 0:01:21]} 36. Rdc3 {[%clk 0:00:49]} Rf6 {[%clk 0:01:19]} 37. Re3
{[%clk 0:00:40]} R6f7 {[%clk 0:01:11]} 38. Rec3 {[%clk 0:00:54]} Rf6
{[%clk 0:01:33]} 39. Kf2 R6f7 {[%clk 0:00:42]} 40. Rcb3 {[%clk 0:00:37]} Rf6
{[%clk 0:00:43]} 41. Kg2 {[%clk 0:00:46]} R6f7 {[%clk 0:00:40]} 42. Rc3
{[%clk 0:18:05]} Nd4 {[%clk 0:20:22]} 43. Nxd4 {[%clk 0:16:37]} exd4
{[%clk 0:20:46]} 44. Rd3 {[%clk 0:15:46]} Rxf3 {[%clk 0:20:37]} 45. Rxf3
{[%clk 0:16:00]} Rxf3 {[%clk 0:21:03]} 46. Rxf3 {[%clk 0:16:17]} gxf3+
{[%clk 0:21:29]} 47. Kxf3 {[%clk 0:16:42]} c5 {[%clk 0:21:50]} 48. b5
{[%clk 0:16:43]} Kc7 {[%clk 0:22:07]} 49. g4 {[%clk 0:15:44]} Kb7
{[%clk 0:22:15]}  1/2-1/2

[Event "Prague Open 2022 - A IM Open"]
[Site "Olympik hotel, Prague"]
[Date "2022.01.11"]
[Round "6"]
[Board "24"]
[White "Kobl, Rudolf"]
[Black "Cornelisse, John"]
[Result "0-1"]
[WhiteElo "2009"]
[BlackElo "2174"]
[PlyCount "0"]
[EventDate "2022.01.07"]
[EventRounds "9"]
[EventCountry "CZE"]

1. d4 {[%clk 1:30:56]} Nf6 {[%clk 1:30:47]} 2. c4 {[%clk 1:31:19]} e6
{[%clk 1:31:10]} 3. Nc3 {[%clk 1:31:21]} Bb4 {[%clk 1:31:13]} 4. f3
{[%clk 1:31:38]} d5 {[%clk 1:31:05]} 5. a3 {[%clk 1:31:55]} Bxc3+
{[%clk 1:31:05]} 6. bxc3 {[%clk 1:32:11]} c5 {[%clk 1:31:22]} 7. cxd5
{[%clk 1:32:29]} Nxd5 {[%clk 1:31:33]} 8. dxc5 {[%clk 1:32:43]} f5
{[%clk 1:31:47]} 9. Nh3 {[%clk 1:32:36]} Qa5 {[%clk 1:31:31]} 10. e4
{[%clk 1:25:18]} fxe4 {[%clk 1:31:31]} 11. fxe4 {[%clk 1:21:17]} Nf6
{[%clk 1:31:30]} 12. Nf2 {[%clk 1:12:36]} O-O {[%clk 1:27:28]} 13. Be2
{[%clk 1:09:03]} Nc6 {[%clk 1:23:58]} 14. O-O {[%clk 1:03:50]} Qxc5
{[%clk 1:22:09]} 15. Kh1 {[%clk 1:02:08]} Qxc3 {[%clk 1:21:06]} 16. Bd2
{[%clk 0:57:08]} Qd4 {[%clk 1:19:07]} 17. Qc2 {[%clk 0:53:25]} e5
{[%clk 1:07:45]} 18. Bc3 {[%clk 0:44:34]} Qc5 {[%clk 1:03:32]} 19. Qb3+
{[%clk 0:43:57]} Kh8 {[%clk 1:03:50]} 20. Nd3 {[%clk 0:33:08]} Qe3
{[%clk 0:57:50]} 21. Qb2 {[%clk 0:24:51]} Bg4 {[%clk 0:53:37]} 22. Bxg4
{[%clk 0:16:35]} Nxg4 {[%clk 0:54:01]} 23. Rxf8+ {[%clk 0:05:42]} Rxf8
{[%clk 0:54:23]} 24. Qd2 {[%clk 0:03:50]} Qxd3 {[%clk 0:54:46]} 25. Qxd3
{[%clk 0:03:18]} Nf2+ {[%clk 0:55:11]}  0-1

[Event "Prague Open 2022 - A IM Open"]
[Site "Olympik hotel, Prague"]
[Date "2022.01.12"]
[Round "7"]
[Board "1"]
[White "Mikes, Jan"]
[Black "Pijpers, Arthur"]
[Result "1/2-1/2"]
[WhiteElo "2332"]
[BlackElo "2486"]
[PlyCount "0"]
[EventDate "2022.01.07"]
[EventRounds "9"]
[EventCountry "CZE"]

1. e4 {[%clk 1:30:53]} c5 {[%clk 1:30:54]} 2. b3 {[%clk 1:30:48]} Nc6
{[%clk 1:25:46]} 3. Bb2 {[%clk 1:31:09]} e5 {[%clk 1:26:11]} 4. Bc4
{[%clk 1:30:59]} d6 {[%clk 1:22:12]} 5. Nc3 {[%clk 1:30:49]} Nf6 {[%clk 1:14:43]}
6. d3 {[%clk 1:30:30]} g6 {[%clk 1:13:27]} 7. Nge2 {[%clk 1:30:35]} Bg7
{[%clk 1:13:44]} 8. O-O {[%clk 1:30:53]} O-O {[%clk 1:13:58]} 9. a4
{[%clk 1:29:52]} Be6 {[%clk 1:07:29]} 10. Qd2 {[%clk 1:23:18]} d5
{[%clk 1:06:23]} 11. exd5 {[%clk 1:23:38]} Nxd5 {[%clk 1:06:51]} 12. Nxd5
{[%clk 1:13:15]} Bxd5 {[%clk 1:07:19]} 13. Bxd5 {[%clk 1:13:25]} Qxd5
{[%clk 1:07:47]} 14. Nc3 {[%clk 1:13:08]} Qd7 {[%clk 1:06:33]} 15. Ne4
{[%clk 1:08:31]} b6 {[%clk 1:06:44]} 16. f4 {[%clk 1:04:53]} f5 {[%clk 1:05:17]}
17. Ng5 {[%clk 1:04:12]} Rfe8 {[%clk 0:47:58]} 18. fxe5 {[%clk 0:56:01]} Bxe5
{[%clk 0:35:56]} 19. Bxe5 {[%clk 0:54:38]} Nxe5 {[%clk 0:36:23]} 20. Rae1
{[%clk 0:48:11]} Re7 {[%clk 0:36:46]} 21. Nf3 {[%clk 0:41:40]} Nxf3+
{[%clk 0:36:30]} 22. gxf3 {[%clk 0:36:36]} Rae8 {[%clk 0:36:36]} 23. Rxe7
{[%clk 0:37:02]} Qxe7 {[%clk 0:35:43]} 24. Qf4 {[%clk 0:36:14]} Qf6
{[%clk 0:34:46]} 25. Kf2 {[%clk 0:30:15]} Qe7 {[%clk 0:31:45]} 26. Kg1
{[%clk 0:29:04]} Qe2 {[%clk 0:12:21]} 27. Rf2 {[%clk 0:26:50]} Qe1+
{[%clk 0:12:49]} 28. Kg2 {[%clk 0:24:28]} Qe7 {[%clk 0:10:20]} 29. Rd2
{[%clk 0:20:13]} Qf6 {[%clk 0:08:48]} 30. Rf2 {[%clk 0:19:10]} Kg7
{[%clk 0:08:44]} 31. a5 {[%clk 0:14:06]} Re7 {[%clk 0:07:44]} 32. h4
{[%clk 0:11:39]} bxa5 {[%clk 0:06:28]} 33. Rd2 {[%clk 0:10:53]} h6
{[%clk 0:03:43]} 34. Kh3 {[%clk 0:07:02]} Kh7 {[%clk 0:01:54]} 35. Rg2
{[%clk 0:06:52]} a6 {[%clk 0:01:04]} 36. c3 {[%clk 0:05:18]} Qe5 {[%clk 0:00:38]}
37. Qxe5 {[%clk 0:01:57]} Rxe5 {[%clk 0:01:07]} 38. Ra2 {[%clk 0:02:09]} Re3
{[%clk 0:01:31]} 39. Rxa5 {[%clk 0:02:34]} Rxf3+ {[%clk 0:01:11]} 40. Kg2
{[%clk 0:02:59]} Rxd3 {[%clk 0:01:37]} 41. Rxc5 {[%clk 0:03:25]} Kg7
{[%clk 0:27:24]} 42. Rc7+ {[%clk 0:23:12]} Kf6 {[%clk 0:27:08]} 43. Rc6+
{[%clk 0:23:38]} Kf7 {[%clk 0:26:24]} 44. b4 {[%clk 0:11:39]} g5 {[%clk 0:10:53]}
45. Rxh6 {[%clk 0:11:12]} gxh4 {[%clk 0:11:16]} 46. Rxh4 {[%clk 0:09:31]} Rxc3
{[%clk 0:11:25]} 47. Rh6 {[%clk 0:09:54]} Ra3 {[%clk 0:11:50]} 48. Rb6
{[%clk 0:09:40]} Ke7 {[%clk 0:12:16]} 49. Kf2 {[%clk 0:09:35]} f4
{[%clk 0:12:38]} 50. Rh6 {[%clk 0:08:54]} f3 {[%clk 0:12:58]} 51. Rb6
{[%clk 0:07:56]} Kd7 {[%clk 0:13:23]} 52. Rf6 {[%clk 0:08:12]} Rb3
{[%clk 0:13:43]} 53. Rxa6 {[%clk 0:08:36]} Rxb4 {[%clk 0:14:11]} 54. Kxf3
{[%clk 0:09:01]}  1/2-1/2

[Event "Prague Open 2022 - A IM Open"]
[Site "Olympik hotel, Prague"]
[Date "2022.01.12"]
[Round "7"]
[Board "2"]
[White "Mirzoev, Azer"]
[Black "Lim, Zhuo Ren"]
[Result "1-0"]
[WhiteElo "2432"]
[BlackElo "2311"]
[PlyCount "0"]
[EventDate "2022.01.07"]
[EventRounds "9"]
[EventCountry "CZE"]

1. Nf3 d5 {[%clk 1:30:30]} 2. c4 {[%clk 1:31:18]} e6 {[%clk 1:30:40]} 3. g3
{[%clk 1:31:42]} Nf6 {[%clk 1:30:47]} 4. Bg2 {[%clk 1:32:00]} Be7
{[%clk 1:31:02]} 5. O-O {[%clk 1:31:42]} O-O {[%clk 1:31:14]} 6. d4
{[%clk 1:29:55]} dxc4 {[%clk 1:30:02]} 7. Qc2 {[%clk 1:30:11]} a6
{[%clk 1:30:08]} 8. a4 {[%clk 1:30:29]} Bd7 {[%clk 1:30:15]} 9. Qxc4
{[%clk 1:30:35]} Bc6 {[%clk 1:30:28]} 10. Bf4 {[%clk 1:30:53]} Bd6
{[%clk 1:30:15]} 11. Qc1 {[%clk 1:31:18]} a5 {[%clk 1:23:43]} 12. Nc3
{[%clk 1:30:48]} Na6 {[%clk 1:23:26]} 13. Rd1 {[%clk 1:29:55]} Nb4
{[%clk 1:22:48]} 14. Bg5 {[%clk 1:28:15]} Be7 {[%clk 1:21:24]} 15. Qb1
{[%clk 1:28:01]} Bxf3 {[%clk 1:17:50]} 16. Bxf3 {[%clk 1:28:25]} c6
{[%clk 1:18:07]} 17. h4 {[%clk 1:28:20]} Nd7 {[%clk 1:17:21]} 18. Bf4
{[%clk 1:26:59]} Nd5 {[%clk 1:15:48]} 19. Bd2 {[%clk 1:27:05]} Bf6
{[%clk 1:14:39]} 20. e4 {[%clk 1:25:23]} Nb4 {[%clk 1:13:34]} 21. e5
{[%clk 1:22:26]} Be7 {[%clk 1:13:26]} 22. Qe4 {[%clk 1:22:13]} Qb6
{[%clk 1:10:59]} 23. Kg2 {[%clk 1:18:43]} Rfd8 {[%clk 1:10:28]} 24. Rac1
{[%clk 1:04:53]} Nf8 {[%clk 0:54:07]} 25. Be3 {[%clk 1:01:51]} Nd5
{[%clk 0:54:16]} 26. Nxd5 {[%clk 1:02:15]} cxd5 {[%clk 0:53:57]} 27. Qc2
{[%clk 1:02:39]} Rd7 {[%clk 0:52:59]} 28. Rd3 {[%clk 1:01:04]} Bb4
{[%clk 0:50:56]} 29. h5 {[%clk 1:01:13]} h6 {[%clk 0:50:41]} 30. Be2
{[%clk 0:59:51]} Rdd8 {[%clk 0:50:11]} 31. Rdd1 {[%clk 0:59:29]} Nd7
{[%clk 0:47:07]} 32. Bb5 {[%clk 0:59:11]} Qa7 {[%clk 0:46:37]} 33. Qe2
{[%clk 0:52:11]} Nb8 {[%clk 0:38:42]} 34. Qg4 {[%clk 0:51:02]} Kf8
{[%clk 0:37:28]} 35. Rc7 {[%clk 0:40:38]} Be7 {[%clk 0:30:00]} 36. Rxe7
{[%clk 0:36:41]} Kxe7 {[%clk 0:30:17]} 37. Qxg7 {[%clk 0:37:03]} Nc6
{[%clk 0:28:25]} 38. Bxh6 {[%clk 0:33:39]}  1-0

[Event "Prague Open 2022 - A IM Open"]
[Site "Olympik hotel, Prague"]
[Date "2022.01.12"]
[Round "7"]
[Board "3"]
[White "Carlsson, Ludvig"]
[Black "Jurcik, Marian"]
[Result "1/2-1/2"]
[WhiteElo "2355"]
[BlackElo "2397"]
[PlyCount "0"]
[EventDate "2022.01.07"]
[EventRounds "9"]
[EventCountry "CZE"]

1. e4 {[%clk 1:30:57]} d6 {[%clk 1:23:21]} 2. d4 {[%clk 1:30:53]} Nf6
{[%clk 1:23:00]} 3. Nc3 {[%clk 1:31:07]} g6 {[%clk 1:23:01]} 4. Nf3
{[%clk 1:26:29]} Bg7 {[%clk 1:22:11]} 5. Be2 {[%clk 1:26:48]} O-O
{[%clk 1:21:48]} 6. O-O {[%clk 1:27:03]} Bg4 {[%clk 1:20:22]} 7. Be3
{[%clk 1:24:26]} Nc6 {[%clk 1:20:10]} 8. d5 {[%clk 1:22:52]} Bxf3
{[%clk 1:20:31]} 9. Bxf3 {[%clk 1:22:45]} Ne5 {[%clk 1:20:55]} 10. Be2
{[%clk 1:19:32]} c6 {[%clk 1:21:08]}  1/2-1/2

[Event "Prague Open 2022 - A IM Open"]
[Site "Olympik hotel, Prague"]
[Date "2022.01.12"]
[Round "7"]
[Board "4"]
[White "Vojta, Jakub"]
[Black "Kozak, Antoni"]
[Result "0-1"]
[WhiteElo "2216"]
[BlackElo "2377"]
[PlyCount "0"]
[EventDate "2022.01.07"]
[EventRounds "9"]
[EventCountry "CZE"]

1. e4 {[%clk 1:30:57]} c6 {[%clk 1:29:59]} 2. d4 {[%clk 1:31:23]} d5
{[%clk 1:30:25]} 3. Nd2 {[%clk 1:31:48]} dxe4 {[%clk 1:27:57]} 4. Nxe4
{[%clk 1:32:16]} Bf5 {[%clk 1:27:12]} 5. Ng3 {[%clk 1:32:40]} Bg6
{[%clk 1:27:38]} 6. h4 {[%clk 1:32:57]} h6 {[%clk 1:28:04]} 7. Nf3
{[%clk 1:33:16]} Nd7 {[%clk 1:28:19]} 8. h5 {[%clk 1:33:39]} Bh7 {[%clk 1:28:46]}
9. Bd3 {[%clk 1:34:05]} Bxd3 {[%clk 1:29:13]} 10. Qxd3 {[%clk 1:34:30]} e6
{[%clk 1:29:29]} 11. Bd2 {[%clk 1:34:56]} Ngf6 {[%clk 1:29:02]} 12. O-O-O
{[%clk 1:34:38]} Be7 {[%clk 1:29:28]} 13. Ne4 {[%clk 1:18:04]} Nxe4
{[%clk 1:29:14]} 14. Qxe4 {[%clk 1:18:29]} Nf6 {[%clk 1:29:40]} 15. Qe2
{[%clk 1:13:36]} Qd5 {[%clk 1:30:05]} 16. c4 {[%clk 1:10:35]} Qe4
{[%clk 1:29:39]} 17. Rde1 {[%clk 1:10:25]} Qxe2 {[%clk 1:29:01]} 18. Rxe2
{[%clk 1:10:53]} b5 {[%clk 1:13:06]} 19. Ne5 {[%clk 0:53:05]} bxc4
{[%clk 1:10:54]} 20. f4 {[%clk 0:41:44]} Rc8 {[%clk 1:01:55]} 21. Nxc4
{[%clk 0:28:04]} c5 {[%clk 0:57:59]} 22. d5 {[%clk 0:28:18]} Nxd5
{[%clk 0:53:18]} 23. f5 {[%clk 0:28:22]} Nc7 {[%clk 0:35:10]} 24. Bf4
{[%clk 0:24:59]} O-O {[%clk 0:35:27]} 25. Bxc7 {[%clk 0:23:44]} Rxc7
{[%clk 0:35:54]} 26. fxe6 {[%clk 0:23:54]} fxe6 {[%clk 0:36:22]} 27. Rxe6
{[%clk 0:20:50]} Rf2 {[%clk 0:36:34]} 28. Rhe1 {[%clk 0:12:36]} Bg5+
{[%clk 0:29:30]} 29. Kb1 {[%clk 0:13:05]} Rxg2 {[%clk 0:29:44]} 30. Re8+
{[%clk 0:11:48]} Kh7 {[%clk 0:30:10]} 31. Ne5 {[%clk 0:04:19]} Bf6
{[%clk 0:29:55]} 32. Ng6 {[%clk 0:04:25]} Rxg6 {[%clk 0:30:21]} 33. hxg6+
{[%clk 0:04:50]} Kxg6 {[%clk 0:30:49]} 34. Rg1+ {[%clk 0:04:13]} Kf7
{[%clk 0:29:31]} 35. Re2 {[%clk 0:02:52]} g5 {[%clk 0:29:02]} 36. Kc2
{[%clk 0:01:52]} h5 {[%clk 0:29:04]} 37. b3 {[%clk 0:01:13]} g4 {[%clk 0:27:43]}
38. Kd3 {[%clk 0:01:03]} Kg6 {[%clk 0:22:24]} 39. Kc4 {[%clk 0:00:44]} Bd4
{[%clk 0:20:27]} 40. Rgg2 {[%clk 0:00:36]} Kf5 {[%clk 0:18:26]} 41. b4
{[%clk 0:26:13]} h4 {[%clk 0:46:28]} 42. bxc5 {[%clk 0:25:07]} Bxc5
{[%clk 0:46:53]} 43. Kd5 {[%clk 0:24:25]} g3 {[%clk 0:45:10]} 44. Re5+
{[%clk 0:21:36]} Kf4 {[%clk 0:45:24]} 45. Rge2 {[%clk 0:21:59]} h3
{[%clk 0:42:28]}  0-1